Statistiken für Alle Städte die ich kenne (Skandinavien)

Klicken Sie hier um das Quiz zu spielen!

Allgemein

  • Dieses Quiz wurde 158 mal gespielt
  • Das Durchschnittsergebnis liegt bei 8 aus 12

Antwortstatistiken

Stadt% Korrekt
Oslo
99%
Stockholm
97%
Kopenhagen
93%
Helsinki
92%
Malmö
79%
Bergen
78%
Göteborg
74%
Aarhus
47%
Reykjavík
46%
Uppsala
42%
Espoo
15%
Kópavagur
1%

Verteilung der Resultate

Perzentil nach korrekt beantworteten Fragen

Anzahl Personen mit jedem Resultat

Ihre Resultats-Entwicklung

Sie haben dieses Quiz noch nicht gespielt